000 00608nam a2200193 i 4500
001 140828
003 ES-MaACL
005 20230906200148.0
007 t|
008 070917s1962 sp a ||||1|bspa d
080 _a929 Austria, Juan de
100 1 _aYeo, Margaret.
_9117616
245 1 0 _aDon Juan de Austria /
_cMargaret Yeo ; [versión española de Rafael Cremades Cepa].
260 _aMadrid :
_bCastilla,
_c[1962]
300 _a264 p. :
_bil. ;
_c21 cm.
600 1 4 _aAustria, Juan de (
_d1545-1578)-
_xBiografías.
_923966
700 1 _aCremades Cepa, Rafael.
_941484
852 _aES-MaACL
_jC-22019
999 _c140828
_d140828